Siyasal İslamın iflası (Record no. 2029)

MARC details
000 -BAŞLIK
Sabit Uzunlukta Kontrol Alanı 00786na a2200277 4500
001 - KONTROL NUMARASI
Denetim Alanı 15633
003 - KONTROL NUMARASI IDENTIFIER
Denetim Alanı MIRAKIL
005 - SON İŞLEM TARİHİ VE ZAMANI
Denetim Alanı 20181213154843.0
008 - SABİT-BOY VERİ ELEMANLARI - GENEL BİLGİLER
Sabit Uzunlukta Kontrol Alanı 170623b tu 000 0
020 ## - ULUSLARARASI STANDART KİTAP NUMARASI
Uluslararası Standart Kitap Numarası 9753420455
035 ## - SİSTEM KONTROL NUMARASI
Sistem Kontrol Numarası 15633
040 ## - KATALOGLAMA KAYNAK
Orijinal Kataloglama Ajansı Milas
Kataloglama Dili tur
Metne Dönüştürmek Ajansı TR-AnCHP
041 ## - DİL KODU
Metin / Ses Parça Veya Ayrı Başlığın Dil Kodu tur
082 ## - DEWEY ONLU SINIFLANDIRMA NUMARASI
Sınıflandırma Numarası 320.55
Ürün Numarası R69s 1994
090 ## - SINIFLAMA NUMARASI
Sınıflama Numarası 320.55 R69s 1994
100 ## - ANA GİRİŞ - KİŞİSEL İSİM
Kişisel Ad Roy, Olivier
245 ## - BAŞLIK TABLOSU
Başlık Siyasal İslamın iflası
Sorumluluk Tablosu, Vb Olivier Roy ; Fransızca'dan çeviren Cüneyt Akalın
260 ## - YAYIN, DAĞITIM, VB
Yayın, Dağıtım, Vb Yeri İstanbul
Yayıncı, Dağıtıcı, Vs Adı Metis
Yayın, Dağıtım, Vb Tarihi 1994
300 ## - FİZİKSEL TANIM
Kapsam 268 s.
Boyutlar 20 sm.
490 ## - SERİSİ TABLOSU
Seri Beyanı Yaşadığımız Dünya Dizisi
Hacim / Ardışık Tanımı 20
504 ## - KAYNAKÇA VB NOT
Kaynakça Vb Notu Kaynakça var.
650 ## - KONU KATMA GİRİŞ - TOPİKAL DÖNEM
Topikal Süreli Veya Coğrafi Ad Giriş Elemanı Siyasal bilimler
Genel Alt Bölümü İslam
650 ## - KONU KATMA GİRİŞ - TOPİKAL DÖNEM
Topikal Süreli Veya Coğrafi Ad Giriş Elemanı İslam ve politika
Coğrafi Alt Bölümü Kuzey Afrika
650 ## - KONU KATMA GİRİŞ - TOPİKAL DÖNEM
Topikal Süreli Veya Coğrafi Ad Giriş Elemanı İslam ve politika
Genel Alt Bölümü Orta Doğu
942 ## - EKLENDİ GİRİŞ ELEMANLARI (KOHA)
Sınıflandırma Veya Raf Düzeni Kaynak
Koha Öğesi Türü Books
999 ## - SİSTEM KONTROL NUMARALARI (KOHA)
Koha Biblionumber 2029
Koha Biblioitemnumber 2029
Holdings
Kalıcı Konum Mevcut Konum Edinme Tarihi Edinim Kaynak Toplam Check-Out'Lar Tam Çağrı Numarası Barkod Tarih Son Görülme İtibaren Geçerli Fiyatlar Koha Öğesi Türü
CHP Kütüphanesi CHP Kütüphanesi 09/19/2016 Bağış   320.55 R69s 1994 005571 09/19/2016 09/19/2016 Books